| 000 | 01805nam a2200277 a 4500 | ||
|---|---|---|---|
| 008 | 201117s2015 ||||||||||||||||| || u | ||
| 020 | _a9781782943372 | ||
| 050 | _aQH 308.7 Lev | ||
| 100 | _aThompsom, Hayley | ||
| 245 | 1 | 0 |
_aA- level year 2 Biology exam board: OCR A complete revision and practice _cEdited by Charlotte Burrows; Christopher McCarry; Claire Plowman; Rachael Rogers; Hayley Thompsom |
| 260 |
_aNewcastle _bCGP _c2015 |
||
| 300 | _a134 pages: illustrations | ||
| 350 | _a37.16 | ||
| 650 | 0 | _aBIOLOGY | |
| 650 | _aBIOLOGY--EXAMINATIONS--STUDY GUIDE | ||
| 700 | _aMcGarry, Christopher | ||
| 700 | _aBurrows, Charlotte | ||
| 700 | _aPlowman, Claire | ||
| 700 | _aRogers, Rachael | ||
| 995 |
_aMAIN LIBRARY OPEN ACCESS _e750573 _FCBU-MAIN LIBRARY (Kitwe) _I37.16 _jQH 308.7 Lev _M2 _UAVAILABLE _WDec 8, 2020 _y750573 _ZMain Library Open Access Collection |
||
| 995 |
_aMAIN LIBRARY OPEN ACCESS _e750575 _FCBU-MAIN LIBRARY (Kitwe) _I37.16 _jQH 308.7 Lev _M4 _UAVAILABLE _WDec 8, 2020 _y750575 _ZMain Library Open Access Collection |
||
| 995 |
_aMEDICAL LIBRARY OPEN ACCESS _e905171 _FCBU-SCHOOL OF MEDICINE LIBRARY (Ndola) _I37.16 _jQH 308.7 Lev _M1 _UAVAILABLE _WNov 23, 2020 _y905171 _ZMedical Library Open Access Collection |
||
| 995 |
_aKAPASA MAKASA LIBRARY OPEN ACCESS _D36.55 _e750623 _FCBU-KAPASA MAKASA LIBRARY (Chinsali) _I37.16 _jQH 308.7 Lev _M6 _UAVAILABLE _WJan 20, 2021 _y750623 _ZKapasa Makasa Library Open Acess Collection |
||
| 995 |
_aMAIN LIBRARY OPEN ACCESS _e750574 _FCBU-MAIN LIBRARY (Kitwe) _I37.16 _jQH 308.7 Lev _M3 _UAVAILABLE _WDec 8, 2020 _y750574 _ZMain Library Open Access Collection |
||
| 995 |
_aKAPASA MAKASA LIBRARY OPEN ACCESS _D36.55 _e750622 _FCBU-KAPASA MAKASA LIBRARY (Chinsali) _I37.16 _jQH 308.7 Lev _M5 _UAVAILABLE _WJan 20, 2021 _y750622 _ZKapasa Makasa Library Open Acess Collection |
||
| 999 |
_c63647 _d63647 |
||